Pokémon - Regional Birds - Statistics

General Stats
  • This quiz has been taken 7 times
  • The average score is 21 of 24
Answer Stats
Hint Answer % Correct
Gen VI Fletchinder
100%
Gen VI Fletchling
100%
Gen II Hoothoot
100%
Gen II Noctowl
100%
Gen I Pidgeot
100%
Gen I Pidgeotto
100%
Gen I Pidgey
100%
Gen VII Pikipek
100%
Gen IV Staraptor
100%
Gen IV Staravia
100%
Gen IV Starly
100%
Gen III Swellow
100%
Gen III Tailow
100%
Gen VI Talonflame
100%
Gen VII Toucannon
100%
Gen VIII Corviknight
75%
Gen VIII Corvisquire
75%
Gen V Pidove
75%
Gen VIII Rookidee
75%
Gen V Tranquill
75%
Gen VII Trumbeak
75%
Gen V Unfezant
75%
Gen IX Kilowattrel
50%
Gen IX Wattrel
50%
No matching quizzes found
Score Distribution
Percent of People with Each Score
Percentile by Number Answered
Your Score History
You have not taken this quiz